| 000 | 00793nas a2200265 4500 | ||
|---|---|---|---|
| 001 | BR2011002093 | ||
| 003 | BR-BrBNA | ||
| 005 | 20231205114552.0 | ||
| 007 | ta | ||
| 008 | 230509b bl.|||p| |||| 00| 00por d | ||
| 040 |
_aBR-BrBNA _bpor _cBiblioteca Nacional de Agricultura |
||
| 041 | _a(Pt) | ||
| 072 | _aF50 | ||
| 100 | 1 | _aMelo, Y. | |
| 100 | 1 | _aCórdula, E. | |
| 100 | 1 | _aMachado, S.R. | |
| 100 | 1 | _aAlves, M. | |
| 245 | 1 | _aMorfologia de nectários em Leguminosae senso lato em áreas de caatinga no Brasil | |
| 650 | _aLEGUMINOSAE | ||
| 650 | _aMORFOLOGIA VEGETAL | ||
| 650 | _aNECTAR | ||
| 773 | 0 |
_tActa Botanica Brasilica (Brazil) _xISSN 0102-3306 _g(Oct-Dec 2010), v. 24(4) p. 1034-1045 _wBR2011002093 |
|
| 909 |
_a202311 _bLúcia _c55 _dLúcia Elande |
||
| 942 |
_2AGRIS _n0 _cANA |
||
| 999 |
_c209363 _d209363 |
||